The home of man

Gorde:
Xehetasun bibliografikoak
Egile nagusia: Ward, Barbara
Formatua: Liburua
Hizkuntza:Undetermined
Argitaratua: New York Penguin Book 1976
Gaiak:
Etiketak: Etiketa erantsi
Etiketarik gabe, Izan zaitez lehena erregistro honi etiketa jartzen!
Thư viện lưu trữ: Trung tâm Học liệu Trường Đại học Cần Thơ
LEADER 00488nam a2200181Ia 4500
001 CTU_89805
008 210402s9999 xx 000 0 und d
082 |a 301.36 
082 |b W256 
100 |a Ward, Barbara 
245 4 |a The home of man 
245 0 |c Barbara Ward 
260 |a New York 
260 |b Penguin Book 
260 |c 1976 
650 |a Urbanization,Human ecology,Forecasting,Social policy 
904 |i Mai Loan 
980 |a Trung tâm Học liệu Trường Đại học Cần Thơ